000 00805nam a22002057a 4500
008 160404b xxu||||| |||| 00| 0 eng d
020 _a978-0-7637-7790-6 (pbk.)
082 _22011
_aDC 364.360973
_bR26
100 _94678
_aRegoli, Robert M.
245 _aDelinquency in society :
_bthe essentials /
_cRobert M. Regoli [and two others].
260 _aSudbury, Mass. :
_bJones and Bartlett Publishers,
_c©2011.
300 _axxi, 547 p. :
_billustrations (some colored) ;
_c28 cm.
500 _aIncludes bibliographical references and indexes.
650 0 _94682
_aJuvenile delinquency
_zUnited States
650 0 _94683
_aJuvenile justice, Administration of
_zUnited States
700 _94684
_aHewitt, John D.
_d1945-
700 _94685
_aDeLisi, Matt
365 _b8,314.50
_cPhp
942 _2ddc
_cDC
999 _c1520
_d1520